000 00601nam a22002297a 4500
003 UA-OsUOA
001 47820
007 ta
008 20070821b un ||||| |||| 00| 0 ukr d
090 _a821.161.1
_bШ31
942 _cBK
040 _aUA-OsUOA
_brus
_cUA-OsUOA
_dUA-OsUOA
245 _aШахматная новелла
300 _a544 с.
955 _a2
041 _arus
080 _a821.161.1
020 _a5-278-00162
260 _aМ.
_bФізкультура і спорт
_c1989
650 7 _a82 Література. Літературознавство
_2UDC
999 _c333914
_d333914